书目信息 |
| 题名: |
中外房地产评估实务
|
|
| 作者: | 闵师林 主编 | |
| 分册: | ||
| 出版信息: | 上海 同济大学出版社 1999.06 |
|
| 页数: | 200页 | |
| 开本: | 32开 | |
| 丛书名: | ||
| 单 册: | ||
| 中图分类: | F293.3 | |
| 科图分类: | ||
| 主题词: | 城市经济 , 市政经济 | |
| 电子资源: | ||
| ISBN: | 7-5608-2004-2 | |
| 000 | 00559nam0 2200193 45 | |
| 001 | 0007170049 | |
| 005 | 20061212160516.48 | |
| 010 | @a7-5608-2004-2@d12.00元 | |
| 100 | @a20000717d1999 km y0chiy0120 ea | |
| 101 | 0 | @achi |
| 200 | 1 | @a中外房地产评估实务@AZhong Wai Fang Di Chan Ping Gu Shi Wu@f闵师林主编@FMin Shi Lin Zhu Bian |
| 210 | @a上海@c同济大学出版社@d1999.06 | |
| 215 | @a200页@d32开 | |
| 606 | 0 | @a城市经济 |
| 606 | 0 | @a市政经济 |
| 690 | @aF293.3@v3 | |
| 701 | 0 | @a闵师林@4主编 |
| 801 | @aCN@bPftUser@c20061212 | |
| 905 | @b73215-219@dF293.3@eM461@f5 | |
| 中外房地产评估实务/闵师林主编.-上海:同济大学出版社,1999.06 |
| 200页;32开 |
| ISBN 7-5608-2004-2:12.00元 |
| ● |
| 相关链接 |
|
|
|
正题名:中外房地产评估实务
索取号:F293.3/M461
 
预约/预借
| 序号 | 登录号 | 条形码 | 馆藏地/架位号 | 状态 | 备注 |
| 1 | 444016 | 204440168 | 管理学院资料室/ [索取号:F293.3/M461] | 在馆 | |
| 2 | 73215 | 200732154 | 社科二线422/409社科库 107排1列2层/ [索取号:F293.3/M461] | 在馆 | |
| 3 | 73216 | 200732163 | 社科二线422/409社科库 107排1列2层/ [索取号:F293.3/M461] | 在馆 | |
| 4 | 73217 | 200732172 | 社科二线422/409社科库 107排1列2层/ [索取号:F293.3/M461] | 在馆 | |
| 5 | 73218 | 200732181 | 社科库409/409社科库 108排1列3层/ [索取号:F293.3/M461] | 在馆 | |
| 6 | 73219 | 200732190 | 社科二线422/409社科库 107排1列2层/ [索取号:F293.3/M461] | 在馆 |